<?xml version="1.0" encoding="UTF-8"?>
<record
    xmlns:xsi="http://www.w3.org/2001/XMLSchema-instance"
    xsi:schemaLocation="http://www.loc.gov/MARC21/slim http://www.loc.gov/standards/marcxml/schema/MARC21slim.xsd"
    xmlns="http://www.loc.gov/MARC21/slim">

  <leader>02337nam a2200193 a 4500</leader>
  <controlfield tag="001">1605</controlfield>
  <controlfield tag="003">CO-ViMGA</controlfield>
  <controlfield tag="008">141112s2004    ck      r     000 u spa d</controlfield>
  <datafield tag="040" ind1=" " ind2=" ">
    <subfield code="a">CO-ViMGA</subfield>
    <subfield code="b">spa</subfield>
    <subfield code="c">CO-ViMGA</subfield>
  </datafield>
  <datafield tag="082" ind1="0" ind2="4">
    <subfield code="a">R909 C518</subfield>
  </datafield>
  <datafield tag="245" ind1="1" ind2="0">
    <subfield code="a">Las claves del</subfield>
    <subfield code="b">Imperio Bizantino 395-1453</subfield>
  </datafield>
  <datafield tag="260" ind1=" " ind2=" ">
    <subfield code="a">Barcelona : </subfield>
    <subfield code="b">Planeta, </subfield>
    <subfield code="c">1993</subfield>
  </datafield>
  <datafield tag="300" ind1=" " ind2=" ">
    <subfield code="a">26 v : il</subfield>
  </datafield>
  <datafield tag="500" ind1=" " ind2=" ">
    <subfield code="a">Solicitar el ejemplar de la tabla de contenido.  </subfield>
  </datafield>
  <datafield tag="505" ind1=" " ind2=" ">
    <subfield code="a">VOL.(1), Prehistoria/Teresa Chapa VOL.(2), Imperios del pr&#xF3;ximo oriente 3500 - 500 a.c/Jaime Alvar VOL.(3), Antiguo Egipto 3000 - 300 a.c/Francisco Pesedo VOL.(4), Mundo griego 2700 - 323 a.c/Domingo Pl&#xE1;cido Suarez VOL.(5), Imperio Romano 754 a.c - 476/Marc Mayer VOL.(6), Am&#xE9;rica precolombina 3000a.c - 1492/Jose Alcina Franch VOL.(7), Pueblos Germ&#xE1;nicos 500 a.c - 711/Luis Garc&#xED;a Moreno VOL.(8), Imperio bizantino 395 - 1453/Salvador Clara Munt VOL.(9), Periodo Carolingio 723 - 879/Jose Mar&#xED;a M&#xED;nguez VOL.(10), Mundo Isl&#xE1;mico 622 - 1945/Emilio de Santiago Sim&#xF3;n VOL.(11), Feudalismo 860 - 1500/Paulino Iradiel VOL.(12), Iglesia en la edad media 313 - 1492/Emilio Mitve Fern&#xE1;ndez VOL.(13), Crisis en la baja edad media 1300 - 1450/Estevan Sorasa Sanchez VOL.(14), Europa renacentista 1453 - 1556/M. de los &#xC1;ngeles Samper VOL.(15), Colonizaci&#xF3;n Espa&#xF1;ola en el nuevo mundo 1492 - 1824/Luis Navarro Garc&#xED;a VOL.(16), Reforma y la contrareforma 1517 - 1648/Te&#xF3;fanes Egidio VOL.(17), Hegemonia Espa&#xF1;ola 1556 - 160/Enric Riera Fortiana VOL.(18), Crisis del siglo XVII 1600 - 1680/Jaume Danti Riu VOL.(19), Absolutismo y el Parlamentarismo 1603 - 1715/Xavier Gil Pujol VOL.(20), Despotismo ilustrado 1715 - 1789/Antonio Dominguez Ortiz VOL.(21), Revoluci&#xF3;n industrial 1733 - 1914/Siro Villas Tinoco VOL.(22), Ciclo revolucionario 1770 - 1815/Juan Jacob Calvo VOL.(23), Restauraci&#xF3;n y el liberalismo 1815 - 1848/M. Teresa Martinez de Sas VOL.(24), Nacionalismo y el Imperialismo 1848 - 1914/Pelai Pages Blanch VOL.(25), Movimiento obrero 1830 - 1930/Jose Sanchez Jimenez VOL.(26), Siglo XX hasta 1945/E. Hern&#xE1;ndez Sandoica</subfield>
  </datafield>
  <datafield tag="590" ind1=" " ind2=" ">
    <subfield code="a">Datos de inventario : 05513, 05514, 05515, 05516, 05517, 05518, 05519, 05520, 05521, 05522, 05523, 05524, 05525, 05526, 05527, 05528, 05529, 05530, 05531, 05532, 05533, 05534, 05535, 05536, 05537</subfield>
  </datafield>
  <datafield tag="650" ind1="1" ind2="4">
    <subfield code="a">HISTORIA UNIVERSAL</subfield>
    <subfield code="9">1528</subfield>
  </datafield>
  <datafield tag="942" ind1=" " ind2=" ">
    <subfield code="2">ddc</subfield>
    <subfield code="c">BK</subfield>
  </datafield>
  <datafield tag="999" ind1=" " ind2=" ">
    <subfield code="c">13782</subfield>
    <subfield code="d">13782</subfield>
  </datafield>
  <datafield tag="952" ind1=" " ind2=" ">
    <subfield code="0">0</subfield>
    <subfield code="1">0</subfield>
    <subfield code="2">ddc</subfield>
    <subfield code="4">0</subfield>
    <subfield code="7">0</subfield>
    <subfield code="8">003</subfield>
    <subfield code="a">MEVIECAR</subfield>
    <subfield code="b">MEVIECAR</subfield>
    <subfield code="d">2015-12-04</subfield>
    <subfield code="h">Volumen. 1 | 11/jun/2009</subfield>
    <subfield code="l">1</subfield>
    <subfield code="m">3</subfield>
    <subfield code="o">R909 C518 </subfield>
    <subfield code="p">05520</subfield>
    <subfield code="r">2021-07-01 00:00:00</subfield>
    <subfield code="s">2021-05-31</subfield>
    <subfield code="t">Ej. 1</subfield>
    <subfield code="w">2015-12-04</subfield>
    <subfield code="y">BK</subfield>
  </datafield>
</record>
